| 000 | 00734nam a2200241Ia 4500 | ||
|---|---|---|---|
| 999 |
_c50875 _d50875 |
||
| 001 | 17830 | ||
| 003 | GE_BSU | ||
| 005 | 20200226112040.0 | ||
| 008 | 181216s2007en xx |||||||||||||| ||eng|| | ||
| 020 | _a9780582825208 | ||
| 040 | _cGE_BSU | ||
| 041 | _aeng | ||
| 080 | _a811.111(076) C-73 | ||
| 100 |
_aComyns Carr. _97460 |
||
| 245 |
_aCutting EDGE. New. Intermediate. Workbook : _bIntermediate. Workbook. with key / _cCarr Comyns Jane ; Eales Frances. |
||
| 264 |
_aEdinburg : _bPearson Longman, _c2005. |
||
| 300 |
_a112 p. : _c28 cm. |
||
| 653 | _aCutting EDGE | ||
| 653 | _aIntermediate. Workbook. with key | ||
| 653 | _aინგლისური ენა | ||
| 700 |
_a Frances, Eales. _97461 |
||
| 942 |
_cBK _2udc |
||